Strongest Teams not at 2026 FIFA World Cup - Statistics

General Stats
  • This quiz has been taken 573 times
  • The average score is 16 of 20
Answer Stats
Rank Country % Correct
12 Italy
99%
36 Russia
85%
20 Denmark
84%
54 Chile
83%
35 Poland
83%
32 Ukraine
82%
47 Greece
81%
59 Ireland
81%
53 Peru
81%
39 Serbia
80%
48 Slovakia
80%
26 Nigeria
79%
49 Venezuela
79%
42 Hungary
78%
56 Romania
78%
58 Slovenia
78%
37 Wales
77%
45 Cameroon
70%
51 Costa Rica
55%
52 Mali
48%
No matching quizzes found
Score Distribution
Percent of People with Each Score
Percentile by Number Answered
Your Score History
You have not taken this quiz